000 00271nam a22001217a 4500
008 181101b xxu||||| |||| 00| 0 eng d
041 _aeng
080 _a941
100 _a21
101 _aGJU
245 _aAdventure In America Literature
_cBruce.j
942 _2udc
_cBK
999 _c51507
_d51507